It looks like you're offline.
Open Library logo
additional options menu

MARC Record from Scriblio

Record ID marc_records_scriblio_net/part11.dat:185018465:667
Source Scriblio
Download Link /show-records/marc_records_scriblio_net/part11.dat:185018465:667?format=raw

LEADER: 00667nam 2200241 i 4500
001 79357366
003 DLC
005 19790719000000.0
008 790710s1978 gw a b 00010 ger
010 $a 79357366
015 $aGFR78-A
020 $a348648981X
050 0 $aBF778$b.O37 1978
100 10 $aOerter, Rolf.
245 10 $aStruktur und Wandlung von Werthaltungen /$cRolf Oerter.
250 $aStudienausg.
260 0 $aMünchen ;$aWien :$bOldenbourg,$c1978.
300 $a332 p. :$b40 ill. ;$c24 cm.
500 $aErrata slip inserted.
504 $aBibliography: p. 312-332.
650 0 $aValues.
650 0 $aAttitude (Psychology)
650 0 $aAttitude change.